000 00845nam a22002777a 4500
001 121987
003 UA-OsUOA
005 20230925124059.0
007 ta
008 20170407b un ||||| |||| 00| 0 ukr d
020 _a5705511671
040 _aUA-OsUOA
_brus
_cUA-OsUOA
_dUA-OsUOA
041 _arus
080 _a821.161.1
090 _a821.161.1
_bШ64
100 _aШиряев Б. Н.
245 _aНеугасимая лампада
_cБорис Ширяев
250 _aрепринтное воспроизведение с издания 1954 р.
260 _aМ.
_bСтолица
_c1991
300 _a416 с.
591 _aДімаров А.
650 7 _a82 Література. Літературознавство
_2UDC
942 _cBK
_2udc
955 _a3
999 _c407964
_d407964